Elements of cost and Management Accounting (Record no. 349555)

000 -LEADER
fixed length control field 00516nam a22001817a 4500
003 - CONTROL NUMBER IDENTIFIER
control field OSt
005 - DATE AND TIME OF LATEST TRANSACTION
control field 20180116182952.0
008 - FIXED-LENGTH DATA ELEMENTS--GENERAL INFORMATION
fixed length control field 131205b xxu||||| |||| 00| 0 eng d
020 ## - INTERNATIONAL STANDARD BOOK NUMBER
International Standard Book Number 9788173816062
040 ## - CATALOGING SOURCE
Original cataloging agency 0
Transcribing agency 0
082 ## - DEWEY DECIMAL CLASSIFICATION NUMBER
Classification number 657.42 JAN 2010
100 ## - MAIN ENTRY--PERSONAL NAME
Personal name Goutam K jana
245 ## - TITLE STATEMENT
Title Elements of cost and Management Accounting
Statement of responsibility, etc. Goutam K jana
260 ## - PUBLICATION, DISTRIBUTION, ETC.
Place of publication, distribution, etc. London
Name of publisher, distributor, etc. New Central Book Agency Ltd
Date of publication, distribution, etc. 2010
300 ## - PHYSICAL DESCRIPTION
Extent Aprox 350p.
Other physical details PB
440 ## - SERIES STATEMENT/ADDED ENTRY--TITLE
Title Elements of cost and Management Accounting
942 ## - ADDED ENTRY ELEMENTS (KOHA)
Source of classification or shelving scheme
Koha item type Book
Holdings
Withdrawn status Lost status Source of classification or shelving scheme Damaged status Not for loan Collection code Permanent Location Current Location Shelving location Date acquired Total Checkouts Full call number Barcode Date last seen Price effective from Koha item type
            Central Library (CL) Central Library (CL) General Stacks 12/05/2013   657.42 JAN 2010 NBS9100 04/17/2014 12/05/2013 Book
© 2023 Central Library, National University of Sciences and Technology. All Rights Reserved.